Words starting with 'PH' - Statistics

General Stats
  • This quiz has been taken 77 times
  • The average score is 42 of 344
Answer Stats
# WORD % Correct
88 phi
94%
162 phon
77%
168 phone
75%
219 phot
72%
222 photo
70%
226 photog
69%
313 physic
68%
49 phase
65%
228 photograph
63%
42 pharmacy
59%
323 physics
59%
60 phat
58%
314 physical
58%
237 photography
55%
250 photos
54%
26 phantom
49%
128 philosophy
49%
54 phases
44%
140 phis
44%
231 photographer
44%
264 phrase
44%
244 photon
42%
173 phones
39%
180 phonic
39%
187 phono
38%
210 phosphor
38%
9 phalli
37%
10 phallic
37%
33 pharmaceutical
37%
36 pharmacist
37%
78 phenom
37%
118 philosopher
37%
154 phobia
37%
236 photographs
37%
51 phased
35%
317 physician
35%
27 phantoms
34%
35 pharmacies
34%
120 philosophic
34%
56 phasing
32%
181 phonics
32%
232 photographers
32%
188 phonograph
31%
311 phylum
31%
144 phlegm
30%
174 phonetic
30%
186 phoning
30%
196 phony
30%
16 phallus
28%
20 phantasm
28%
28 pharaoh
28%
155 phobias
28%
218 phosphorus
28%
281 pht
28%
121 philosophical
27%
79 phenomena
25%
169 phoned
25%
233 photographic
25%
235 photographing
25%
246 photons
25%
265 phrased
25%
268 phrases
25%
318 physicians
25%
81 phenomenon
24%
87 phew
24%
227 photogenic
24%
315 physically
24%
7 phalanx
23%
80 phenomenal
23%
160 phoenix
23%
230 photographed
23%
269 phrasing
23%
316 physicals
23%
102 philanthropist
21%
104 philanthropy
21%
254 photosynthesis
21%
62 pheasant
20%
156 phobic
20%
191 phonographs
20%
238 photogs
20%
34 pharmaceuticals
18%
123 philosophies
18%
170 phoneme
18%
177 phonetics
18%
203 phosphate
18%
319 physicist
18%
41 pharmacology
17%
119 philosophers
17%
183 phonies
17%
5 phalange
15%
8 phalanxes
15%
24 phantasy
15%
29 pharaohs
15%
112 philistine
15%
145 phlegmatic
15%
245 photonic
15%
261 phots
15%
333 physiotherapy
15%
6 phalanges
14%
63 pheasants
14%
93 philadelphia
14%
190 phonographic
14%
334 physique
14%
47 pharynx
13%
94 philander
13%
103 philanthropists
13%
124 philosophize
13%
204 phosphates
13%
289 phyla
13%
331 physiology
13%
21 phantasms
11%
100 philanthropic
11%
108 philately
11%
148 phlegms
11%
171 phonemes
11%
195 phons
11%
217 phosphors
11%
336 physis
11%
37 pharmacologic
10%
39 pharmacologist
10%
84 phenyl
10%
96 philanderer
10%
106 philatelist
10%
109 philharmonic
10%
122 philosophically
10%
172 phonemic
10%
194 phonos
10%
215 phosphoric
10%
234 photographies
10%
320 physicists
10%
1 phaeton
8%
3 phage
8%
17 phalluses
8%
22 phantast
8%
38 pharmacological
8%
74 phenol
8%
99 philanders
8%
127 philosophizing
8%
141 phiz
8%
161 phoenixes
8%
216 phosphorous
8%
220 photic
8%
223 photoed
8%
239 photoing
8%
270 phrasings
8%
335 physiques
8%
19 phantasies
7%
31 pharisee
7%
45 pharyngeal
7%
61 phatic
7%
82 phenomenons
7%
97 philanderers
7%
98 philandering
7%
125 philosophized
7%
126 philosophizes
7%
178 phoney
7%
213 phosphorescent
7%
267 phraseology
7%
326 physiologic
7%
327 physiological
7%
329 physiologist
7%
4 phages
6%
83 phenoms
6%
95 philandered
6%
101 philanthropies
6%
113 philistines
6%
114 philodendron
6%
149 phlegmy
6%
152 phlox
6%
158 phoebe
6%
184 phoniest
6%
211 phosphorescence
6%
221 photics
6%
256 photosynthesize
6%
260 photosynthetic
6%
294 phyle
6%
328 physiologies
6%
342 phyton
6%
2 phaetons
4%
23 phantasts
4%
32 pharisees
4%
40 pharmacologists
4%
43 pharos
4%
48 pharynxes
4%
55 phasic
4%
57 phasis
4%
89 phial
4%
107 philatelists
4%
150 phloem
4%
159 phoebes
4%
182 phonier
4%
185 phonily
4%
200 phosgene
4%
212 phosphorescences
4%
263 phrasal
4%
276 phrenic
4%
299 phylic
4%
11 phallics
3%
30 pharisaic
3%
46 pharynges
3%
75 phenolic
3%
77 phenols
3%
90 phials
3%
133 philtre
3%
151 phloems
3%
153 phloxes
3%
163 phonal
3%
175 phonetician
3%
197 phooey
3%
259 photosynthesizing
3%
266 phraseologies
3%
325 physiognomy
3%
330 physiologists
3%
344 phytons
3%
12 phallism
1%
18 phantasied
1%
25 phantasying
1%
52 phaseout
1%
58 phasmid
1%
64 phellem
1%
65 phellems
1%
69 phenetic
1%
70 phenetol
1%
76 phenolics
1%
105 philatelies
1%
115 philodendrons
1%
116 philomel
1%
129 philter
1%
135 philtres
1%
142 phizes
1%
143 phlebitis
1%
164 phonate
1%
179 phoneys
1%
192 phonon
1%
193 phonons
1%
201 phosgenes
1%
205 phosphatic
1%
208 phosphin
1%
214 phosphorescently
1%
224 photoelectric
1%
229 photographally
1%
249 photopic
1%
255 photosynthesises
1%
257 photosynthesized
1%
262 phpht
1%
288 phthisis
1%
298 phyletic
1%
310 phylon
1%
312 physes
1%
332 physiotherapies
1%
343 phytonic
1%
13 phallisms
0%
14 phallist
0%
15 phallists
0%
44 pharoses
0%
50 phaseal
0%
53 phaseouts
0%
59 phasmids
0%
66 phelonia
0%
67 phenazin
0%
68 phenazins
0%
71 phenetols
0%
72 phenix
0%
73 phenixes
0%
85 phenylic
0%
86 phenyls
0%
91 philabeg
0%
92 philabegs
0%
110 philibeg
0%
111 philibegs
0%
117 philomels
0%
130 philtered
0%
131 philtering
0%
132 philters
0%
134 philtred
0%
136 philtring
0%
137 phimoses
0%
138 phimosis
0%
139 phimotic
0%
146 phlegmier
0%
147 phlegmiest
0%
157 phocine
0%
165 phonated
0%
166 phonates
0%
167 phonating
0%
176 phoneticians
0%
189 phonographally
0%
198 phorate
0%
199 phorates
0%
202 phosphatase
0%
206 phosphid
0%
207 phosphids
0%
209 phosphins
0%
225 photoelectrically
0%
240 photomap
0%
241 photomapped
0%
242 photomapping
0%
243 photomaps
0%
247 photopia
0%
248 photopias
0%
251 photoset
0%
252 photosets
0%
253 photosetting
0%
258 photosynthesizes
0%
271 phratral
0%
272 phratric
0%
273 phratries
0%
274 phratry
0%
275 phreatic
0%
277 phrensied
0%
278 phrensies
0%
279 phrensy
0%
280 phrensying
0%
282 phthalic
0%
283 phthalin
0%
284 phthalins
0%
285 phthises
0%
286 phthisic
0%
287 phthisics
0%
290 phylae
0%
291 phylar
0%
292 phylaxis
0%
293 phylaxises
0%
295 phyleses
0%
296 phylesis
0%
297 phylesises
0%
300 phyllaries
0%
301 phyllary
0%
302 phyllite
0%
303 phyllites
0%
304 phyllode
0%
305 phyllodes
0%
306 phylloid
0%
307 phylloids
0%
308 phyllome
0%
309 phyllomes
0%
321 physicked
0%
322 physicking
0%
324 physiognomies
0%
337 phytane
0%
338 phytanes
0%
339 phytin
0%
340 phytins
0%
341 phytoid
0%
No matching quizzes found
Score Distribution
Percent of People with Each Score
Percentile by Number Answered
Your Score History
You have not taken this quiz